000 00671nam a2200265Ia 4500
003 OSt
005 20221005123200.0
006 a|||||r|||| 00| 0
007 ta
008 221004b |||||||| |||| 00| 0 tam d
020 _c3.50
024 _a48330
037 _cTextual
040 _aCRL
_cCRL
_btam
041 _2tam
_atam
082 _aO31,1C92:g, E2
100 _aSundaranar Meenatchi Au.
_9633294
245 0 _aKudimakkal kapplyam
260 _c1912
300 _a180p.
_ccm.
650 _a TAMIL POETRY
650 _aTAMIL LITERATURE
942 _hO31,1C92:g, E2
_cTEXL
_2cc
999 _c1046643
_d1046643